Tribhuvan University Central Library

अविश्रान्त यात्रीका अथक पाइलाहरुः जीवनग्रन्थ (Record no. 112149)

MARC details
000 -LEADER
fixed length control field 00688nam a22001577a 4500
008 - FIXED-LENGTH DATA ELEMENTS--GENERAL INFORMATION
fixed length control field 240221b |||||||| |||| 00| 0 eng d
020 ## - INTERNATIONAL STANDARD BOOK NUMBER
International Standard Book Number 9789937267700
041 ## - LANGUAGE CODE
Language code of text/sound track or separate title Nep.
082 ## - DEWEY DECIMAL CLASSIFICATION NUMBER
Classification number N928.6/K425a
100 ## - MAIN ENTRY--PERSONAL NAME
Personal name कोइराला, कमल/ Koirala, Kamal
245 ## - TITLE STATEMENT
Title अविश्रान्त यात्रीका अथक पाइलाहरुः जीवनग्रन्थ
260 ## - PUBLICATION, DISTRIBUTION, ETC.
Place of publication, distribution, etc. काठमाडाैंः
Name of publisher, distributor, etc. लायन्स क्लब अफ कान्तिपुर,
Date of publication, distribution, etc. २०७०वि.
300 ## - PHYSICAL DESCRIPTION
Extent ६८४पृ.:सचित्र
650 ## - SUBJECT ADDED ENTRY--TOPICAL TERM
Topical term or geographic name entry element कोइराला, रुवयनाथ- जीवनी
942 ## - ADDED ENTRY ELEMENTS (KOHA)
Source of classification or shelving scheme Dewey Decimal Classification
Koha item type General Collections
Holdings
Withdrawn status Lost status Source of classification or shelving scheme Damaged status Not for loan Home library Current library Shelving location Date acquired Total Checkouts Full call number Barcode Date last seen Price effective from Koha item type
    Dewey Decimal Classification     Tribhuvan University Central Library Tribhuvan University Central Library New Building 02/21/2024   N928.6/K425a 148828 02/21/2024 02/21/2024 General Collections